[Event "POR-chT 1st Divison 2018"]
[Site "Maia"]
[Date "2018.07.17"]
[Round "3"]
[White "Zelbel, Patrick"]
[Black "Galego, Luis"]
[Result "1/2-1/2"]
[WhiteElo "2418"]
[BlackElo "2471"]
[Annotator "TA"]
[PlyCount "41"]
[EventDate "2018.07.16"]
[EventType "team-tourn"]
[EventCountry "POR"]
[SourceTitle "playchess.com"]
[Source "ChessBase"]
[SourceQuality "1"]

{[%evp 26,41,41,56,52,45,60,45,67,29,43,8,13,0,46,0,33,0]} 1. e4 c5 2. c3 e6 3. Nf3 Nf6 4. e5 Nd5 5. d4 cxd4 6. cxd4 d6 7. Bc4 Nc6 8. O-O Be7 9. exd6 Qxd6 10. Nc3 O-O 11. Re1 Nxc3 12. bxc3 b6 13. Ng5 {B22: Sicilian: 2 c3} (13. Bd3 Bb7 14. Qe2 g6 15. Qe3 Bf6 16. Qh6 Bg7 17. Qh4 Ne7 18. Ng5 h5 19. Be4 Nf5 20. Qh3 Bxe4 21. Nxe4 {1-0 (41) Radjabov,T (2710)-Moiseenko,A (2648) Bastia 2016}) 13... Bxg5 14. Bxg5 {LiveBook: 28 Games} f6 $146 ({Predecessor:} 14... Na5 15. Bd3 f5 16. Qe2 Bd7 17. Rad1 h6 18. Bc1 Rac8 19. c4 Qb4 20. Bd2 Qa4 {1-0 (33) Zelbel,P (2458)-Galego,L (2479) Figueira da Foz 2017}) 15. Bd2 Na5 16. Bd3 Bb7 17. Re3 {[#] And now Qh5 would win.} Qd5 {[%csl Gb7][%cal Rd5g2]} 18. Be4 Qc4 19. Bd3 Qd5 {[%csl Gb7][%cal Rd5g2]} 20. Be4 Qc4 21. Bd3 1/2-1/2

[Event "POR-chT 1st Divison 2018"]
[Site "Maia"]
[Date "2018.07.17"]
[Round "3"]
[White "Lombaers, Peter"]
[Black "Santos Latasa, Jaime"]
[Result "0-1"]
[WhiteElo "2361"]
[BlackElo "2576"]
[Annotator "TA"]
[PlyCount "106"]
[EventDate "2018.07.16"]
[EventType "team-tourn"]
[EventCountry "POR"]
[SourceTitle "playchess.com"]
[Source "ChessBase"]
[SourceQuality "1"]

{[%evp 23,106,20,18,18,7,0,0,-14,-14,-14,-2,-14,1,-28,-19,-36,-20,-15,-28,-34,-27,-18,-6,-40,-31,-130,-132,-197,-208,-199,-183,-264,-264,-259,-237,-238,-231,-231,-227,-231,-231,-272,-214,-218,-221,-260,-238,-234,-228,-247,-231,-238,-238,-238,-238,-260,-260,-481,-481,-523,-481,-877,-894,-750,-733,-935,-935,-866,-865,-29977,-29978,-29977,-29978,-29979,-29980,-29983,-29981,-29981,-29981,-29981,-29982,-29982,-29980,-29983,-29984]} 1. c4 e5 2. g3 Nf6 3. Bg2 d5 4. cxd5 Nxd5 5. Nc3 Nb6 6. Nf3 Nc6 7. O-O Be7 8. a3 a5 9. d3 O-O 10. Be3 Be6 11. Rc1 a4 {A29: Englische Eröffnung (Vierspringer-Variante)} 12. Bxb6 (12. Nd2 f5 13. Bxb6 cxb6 14. Nxa4 Bg5 15. Nc3 e4 16. Kh1 Qd7 17. Rb1 Rad8 18. Nc4 Qf7 19. b3 exd3 20. exd3 {0-1 (43) Giri,A (2777)-Carlsen,M (2843) Shamkir 2018}) 12... cxb6 {LiveBook: 3 Partien} 13. Nxa4 e4 $1 {[%cal Re4f3] Die Stellung ist ausgeglichen.} 14. Ne1 Bg5 15. Rxc6 (15. Ra1 {looks sharper.} exd3 16. Nxd3 Nd4 17. Nc3 Bb3 18. Qb1) 15... bxc6 16. Bxe4 Rc8 $146 ({Vorgänger:} 16... Bd5 17. Bxd5 cxd5 18. d4 Re8 19. Nc3 {1-0 (47) Gheng,J (2334)-Wittmann,R (2212) Reutlingen 2012}) 17. Nc3 Re8 18. Bg2 Bf6 19. Nc2 Bb3 20. Qd2 Bxc2 21. Qxc2 Bxc3 $1 22. bxc3 Qe7 $36 {[%mdl 2048] Schwarz steht aktiver.} 23. Qa4 Qc5 24. c4 (24. Qc2 $15) 24... Rxe2 $17 25. d4 (25. Qa7 $17 {ist wohl besser.}) 25... Qxd4 $19 26. Bxc6 Rd8 27. Qa6 (27. Bf3 $142 Ra2 28. Bd5) 27... g6 28. a4 Kg7 29. a5 bxa5 30. Qxa5 {[#]} Rd6 $1 {[%cal Rd6c6]} 31. Bf3 Rc2 32. Bd5 Rf6 {[%cal Rf6f2]} 33. Qe1 g5 34. Qe4 Qxe4 35. Bxe4 Rxc4 {[%mdl 4096] Endspiel KTT-KTL} 36. Ba8 Rc2 37. Kg2 h5 38. Bf3 Kh6 39. Be4 Rd2 40. Bf3 $2 {[#]} (40. h3 {war einen Versuch wert.}) 40... g4 41. Bb7 Rb6 42. Ba8 (42. Bc8 $142) 42... Rbb2 43. Be4 Kg5 44. Kg1 f5 {[%cal Bf7f5,Bf5f4,Bf4f3][%mdl 32]} 45. Bg2 h4 46. gxh4+ Kxh4 {Schwarz setzt Matt.} 47. Bc6 f4 48. Be4 f3 49. Bf5 Rb5 50. Be6 Rb6 51. Bc4 Rb4 52. Be6 Re4 53. Bc8 Red4 {Precision: Weiß = 33%, Schwarz = 68%.} 0-1

[Event "POR-chT 1st Divison 2018"]
[Site "Maia"]
[Date "2018.07.18"]
[Round "3"]
[White "Silva, Luis"]
[Black "Spraggett, Kevin Barry"]
[Result "1-0"]
[WhiteElo "2360"]
[BlackElo "2530"]
[Annotator "TA"]
[PlyCount "143"]
[EventDate "2018.07.16"]
[EventType "team-tourn"]
[EventCountry "POR"]
[SourceTitle "playchess.com"]
[Source "ChessBase"]
[SourceQuality "1"]

{[%evp 12,143,31,29,43,40,35,34,33,33,52,44,50,45,46,43,46,39,43,49,80,64,80,72,87,81,83,50,74,55,51,34,25,31,46,56,52,41,61,36,34,31,31,34,38,38,38,38,38,38,56,38,68,56,56,56,56,55,57,55,56,55,68,52,55,56,82,61,61,60,61,59,70,55,55,46,87,87,90,55,55,55,55,55,55,55,55,55,55,55,55,55,55,55,55,55,55,28,28,28,28,28,28,28,28,28,55,55,55,55,55,55,55,55,55,28,55,55,55,28,55,41,69,69,69,69,324,350,368,362,361,358,370,338]} 1. Nf3 e6 2. c4 f5 3. Nc3 Nf6 4. g3 d5 5. cxd5 exd5 6. e3 {A10: English Opening: Unusual Replies for Black} (6. Bg2 c6 7. O-O Be7 8. e3 O-O 9. b3 a5 10. a3 Na6 11. Qc2 Ne4 12. Ne2 Qb6 {1-0 (41) Meier,G (2663)-Gofshtein,L (2540) France 2010}) 6... c6 7. Bg2 {LiveBook: 3 Games} Bc5 8. O-O {White is slightly better.} O-O 9. b3 $146 ({Predecessor:} 9. Ne2 Qe7 10. a3 Be6 11. b3 {1-0 (40) Protopopova,A (1897)-Tatarinov,A (1736) Saratov 2013}) 9... Qe7 10. a3 Na6 11. Bb2 Nc7 12. Qc2 Bd7 13. Ne2 Bd6 14. Nf4 Rae8 15. b4 Ng4 16. h3 Ne5 17. Nxe5 Bxe5 18. Bxe5 Qxe5 19. a4 a6 20. Nd3 Qf6 21. Qc3 Qxc3 22. dxc3 Kf7 23. Nc5 Bc8 24. Rfd1 Ke7 25. Ra2 g5 {[%cal Bg7g5,Bg5g4][%mdl 32]} 26. Bf3 Ne6 27. a5 g4 28. Bg2 Ng5 29. h4 Nf7 30. Bf1 Ne5 31. Be2 Kf6 32. Rd4 Re7 33. Kf1 Be6 34. Rad2 Bf7 35. Ke1 Rb8 36. Kd1 Rc8 37. Kc1 Rce8 38. Rd1 h5 39. Kb2 Bg8 40. Bd3 Nf7 41. c4 Nd6 42. cxd5 Bxd5 43. Na4 Ke5 44. Nb6 Rd8 45. Rc1 ({Much weaker is} 45. Nxd5 $6 cxd5 46. Rc1 Ne4 $11) 45... Ne4 46. Rc2 Rf7 47. Kc1 Rff8 48. Bxe4 fxe4 49. Rcd2 Rf7 50. Kd1 Bb3+ 51. Ke1 Rxd4 52. Rxd4 $14 {[%mdl 4096] Endgame KRB-KRN} Bd5 $1 53. Rd2 Rc7 54. Rc2 Kd6 55. Rc5 Rf7 56. Na4 Rf8 57. Rc2 Rf7 58. Rd2 Ke5 59. Nc5 Rc7 60. Rd4 Rf7 61. Na4 Rc7 62. Nc3 Rc8 63. Rd2 Be6 64. Na4 Bd5 65. Rc2 Rc7 66. Rc5 Rd7 67. Nc3 Rd8 68. Ne2 b6 $2 {[%mdl 8192]} (68... Kd6 $14) 69. axb6 $18 Rb8 {[#]} 70. Kd2 $1 {White is winning.} Rxb6 {[#]} 71. Kc3 $1 Rb5 {intending ...Kd6.} 72. Nf4 {Precision: White = 70%, Black = 56%.} 1-0

[Event "POR-chT 1st Divison 2018"]
[Site "Maia"]
[Date "2018.07.18"]
[Round "3"]
[White "Marchena Hurtado, Javier"]
[Black "Espineira Gonzalez, Diego"]
[Result "1/2-1/2"]
[WhiteElo "2354"]
[BlackElo "2327"]
[Annotator "TA"]
[PlyCount "83"]
[EventDate "2018.07.16"]
[EventType "team-tourn"]
[EventCountry "POR"]
[SourceTitle "playchess.com"]
[Source "ChessBase"]
[SourceQuality "1"]

{[%evp 20,83,22,12,6,9,16,8,39,32,44,45,28,17,17,0,12,7,0,10,0,-1,54,20,62,79,68,27,28,27,34,23,177,83,77,70,76,69,103,100,84,91,95,80,158,159,221,207,598,570,502,385,391,391,362,362,362,331,479,0,0,0,413,0,0,0]} 1. d4 d5 2. c4 e6 3. Nf3 c6 4. Qc2 Bd6 5. g3 f5 6. Bg2 Nf6 7. O-O O-O 8. Ne5 Nbd7 {A90: Dutch Defence: Miscellaneous and Modern Stonewall (with ...Bd6)} 9. Nd3 Qe7 10. Bf4 Bxf4 11. Nxf4 {LiveBook: 3 Games} g5 (11... Nb6 12. b3 e5 13. dxe5 Qxe5 14. Nd2 Qe7 15. Nf3 dxc4 16. bxc4 {1-0 (27) Khenkin,I (2624)-Zatonskih,A (2508) Germany 2012}) 12. Nd3 $146 ({Predecessor:} 12. Nh3 Ne4 13. f3 Nd6 14. Nd2 {1-0 (26) Zawadka,A-Jaegerflod,K Sweden 1990}) 12... b6 13. Nd2 Bb7 14. Rac1 Rac8 15. b4 Ba6 16. Rfe1 Ne4 17. c5 e5 18. dxe5 Nxe5 19. Nf3 Nd7 20. Qb2 Bc4 (20... bxc5 $11 21. bxc5 Rc7) 21. Nfe5 Nxe5 22. Nxe5 Bb5 {[%cal Rb6c5]} 23. Qd4 bxc5 24. bxc5 Nf6 25. e3 $40 {[%mdl 128] White has some attack.} Nd7 $2 (25... g4 $11 {and Black is okay.}) 26. Nxd7 (26. a4 $18 {is more deadly.} Qxe5 27. axb5) 26... Qxd7 $16 27. a4 Ba6 28. h4 $1 h6 29. hxg5 hxg5 {[#]} 30. e4 $1 {[%cal Re4d5][%mdl 512]} fxe4 {[#]} (30... dxe4 31. Qxd7) 31. Rxe4 $1 {[%mdl 512] Threatens to win with Re5.} Qg7 {[#]} (31... Rce8 $142) (31... dxe4 32. Qxd7) 32. Re5 $1 Rf5 (32... Bd3 $16) 33. Rce1 $18 {Strongly threatening Bxd5+!} Rcf8 $2 {[#]} (33... Rxe5 {is tougher.} 34. Rxe5 (34. Qxe5 Qxe5 35. Rxe5 Kf7 $11) 34... Kh8) 34. Bxd5+ $1 {[%mdl 512]} Kh8 (34... cxd5 35. Qxd5+) 35. Bxc6 Rxf2 36. Qxf2 Rxf2 37. Kxf2 {Re8+ is the strong threat.} Qf6+ 38. Bf3 Bc4 (38... Kg7 {was necessary.} 39. R1e3 g4) 39. Kg2 Bf1+ $1 40. Kf2 {And now Re8+ would win.} Bc4 $1 41. Kg2 $2 ({White should try} 41. R1e4 $18) 41... Bf1+ $1 $11 42. Kf2 {Precision: White = 56%, Black = 26%.} 1/2-1/2

[Event "POR-chT 1st Divison 2018"]
[Site "Maia"]
[Date "2018.07.18"]
[Round "3"]
[White "Padeiro, Jose"]
[Black "Iruzubieta Villaluenga, Jesus"]
[Result "1-0"]
[WhiteElo "2284"]
[BlackElo "2439"]
[Annotator "TA"]
[PlyCount "79"]
[EventDate "2018.07.16"]
[EventType "team-tourn"]
[EventCountry "POR"]
[SourceTitle "playchess.com"]
[Source "ChessBase"]
[SourceQuality "1"]

{[%evp 18,79,41,36,47,45,60,64,59,48,65,47,40,39,54,27,102,101,96,102,127,129,166,170,158,154,196,139,137,126,133,126,131,131,127,131,123,122,122,122,156,120,186,169,298,300,527,519,739,523,513,504,488,495,477,366,2576,2491,2322,2057,29986,29987,29992,29993]} 1. d4 Nf6 2. c4 d6 3. Nf3 g6 4. g3 Bg7 5. Bg2 O-O 6. O-O Nc6 7. Nc3 Bg4 8. d5 Na5 9. Nd2 c5 10. Qc2 {LiveBook: 74 Games} Rb8 {E62: King's Indian: Fianchetto: 6...c6 and Panno Variation (6...Nc6) without ...a6} (10... a6 11. h3 Bd7 12. b3 b5 13. Bb2 Rb8 14. Nd1 e5 15. dxe6 Bxe6 16. Ne3 bxc4 17. Nexc4 Nxc4 18. Nxc4 d5 19. Ne5 Qb6 20. e3 Rfc8 21. Rfd1 a5 {0-1 (59) Ivanisevic,I (2641)-Bekker Jensen,S (2466) Sibenik 2016}) 11. b3 Qc8 $146 ({Predecessor:} 11... a6 12. Bb2 b5 13. h3 Bd7 14. Rab1 bxc4 15. bxc4 Bh6 16. Nce4 Nxe4 17. Nxe4 Rb4 18. Qc3 f6 19. f4 Nxc4 20. Ba1 Qb6 21. Rxb4 cxb4+ 22. Qd4 f5 23. Rc1 {0-1 (35) Bachmann,A (2235)-Degenhardt,J Germany 1986}) 12. Bb2 a6 {White is slightly better.} 13. a4 Bh3 14. Rfe1 Bxg2 15. Kxg2 e5 16. e3 Nd7 (16... b6 $11) 17. Nce4 $16 Qc7 18. f4 Rbe8 19. g4 {[%cal Bg3g4,Bg4f5][%mdl 32]} b6 20. f5 gxf5 21. gxf5 Nb7 22. Rf1 (22. Kh1 $18) 22... Kh8 23. Rf3 Rg8 24. Kh1 Qd8 25. Rh3 $40 {[%mdl 128] Black is in trouble.} Bf6 26. Qd1 Rg7 27. Nf1 {[%cal Bd2f1,Bf1g3,Bg3h5][%mdl 32]} Reg8 {[%csl Gg8][%cal Rg7g1] [#]} 28. Nfg3 Rg4 29. Qf3 Qe7 (29... Qf8 $16 {is a better defense.}) 30. Bc3 a5 (30... Qd8 $142 31. Nf2 Rh4) 31. Rf1 $18 Nf8 $2 {[#]} (31... Qe8 32. Nf2 Rh4) 32. Be1 Rh4 33. Nh5 Rxh3 34. Qxh3 Bg5 35. Rg1 f6 36. Bh4 Nd7 $2 (36... Bxh4 37. Rxg8+ Kxg8) 37. Bxg5 fxg5 38. f6 Qf7 39. Nxg5 {[%cal Rg5f7]} Qg6 40. Qxd7 {Precision: White = 85%, Black = 41%.} 1-0

[Event "POR-chT 1st Divison 2018"]
[Site "Maia"]
[Date "2018.07.18"]
[Round "3"]
[White "Ribeiro, Fernando"]
[Black "Cavaleiro, Daniel Filipe Costa"]
[Result "1-0"]
[WhiteElo "2165"]
[BlackElo "1987"]
[Annotator "TA"]
[PlyCount "123"]
[EventDate "2018.07.16"]
[EventType "team-tourn"]
[EventCountry "POR"]
[SourceTitle "playchess.com"]
[Source "ChessBase"]
[SourceQuality "1"]

{[%evp 20,123,38,39,50,21,32,36,70,38,66,72,85,38,48,33,50,64,89,82,156,143,204,206,207,213,209,104,118,108,122,143,136,75,108,97,150,54,63,60,57,-5,113,119,140,131,139,137,256,130,202,208,220,203,196,193,199,209,196,203,227,226,200,217,212,159,351,321,310,125,207,126,66,59,66,66,66,66,66,66,66,66,66,70,140,140,202,202,287,202,202,202,204,204,177,141,141,141,141,119,119,119,612,598,812,761]} 1. e4 d6 2. d4 g6 3. c3 Bg7 4. Bd3 Nf6 5. Nf3 O-O 6. O-O c6 7. Re1 Qc7 {B07: Pirc Defence: Miscellaneous Systems} 8. h3 e5 9. Nbd2 (9. Bg5 Nbd7 10. Nbd2 h6 11. Be3 Re8 12. Qc2 Nh5 13. Rad1 Nf8 14. Bf1 Qe7 15. Nc4 {0-1 (69) Van Foreest,J (2629)-Andriasian,Z (2585) Riadh 2017}) 9... Nbd7 10. Nf1 Re8 11. Ng3 {LiveBook: 3 Games} Nf8 12. Bc2 Be6 13. Be3 $146 ({Predecessor:} 13. Bg5 a5 14. Qd2 Bc4 {1-0 (56) Garcia Martin Perez,P (1885)-Solis Fernandez,F (1904) Spain 2007}) 13... b5 14. Qd2 a6 15. a4 Reb8 16. axb5 axb5 17. Ng5 exd4 18. cxd4 (18. Qxd4 Nd5 $15) 18... Rd8 19. f4 Qb7 (19... c5 $142) 20. f5 $16 Bd7 (20... gxf5 $16 21. Nxe6 (21. Nxf5 Rxa1 22. Rxa1 Bxf5 $16) (21. exf5 Bd5 $16) 21... fxe6) 21. Rxa8 Qxa8 22. Bb3 Be8 23. fxg6 (23. Qf2 $18 {and White stays clearly on top.}) 23... hxg6 24. Qf2 d5 25. e5 N6h7 26. Rf1 (26. Nxh7 $142 Nxh7 27. h4) 26... Qb7 27. h4 Qe7 28. Bc2 (28. Nf3 $1 $16) 28... c5 $1 $14 29. dxc5 Bxe5 30. b4 (30. Nxh7 $1 $14 Nxh7 31. Bd4) 30... Qc7 (30... d4 $1 $11 {keeps the balance.} 31. Bf4 Bxf4 32. Qxf4 Nxg5 33. hxg5 (33. Qxg5 Qxg5 34. hxg5 d3 $11) 33... Ne6) 31. Ne2 $36 {[%mdl 2048] White has strong initiative.} Nxg5 32. Bxg5 Ra8 33. Bb3 {And now Nf4 would win.} Bc6 {[#]} (33... Ra3 $16 {might work better.} 34. Bxd5 Qd7) 34. Nf4 (34. Bf6 $1 $18) 34... Bxf4 (34... Qd7 $16) 35. Bxf4 $18 ({Don't take} 35. Qxf4 $6 Qxf4 36. Bxf4 Ne6 $16) 35... Qe7 36. Bd6 Qe6 37. Re1 Qf5 38. Qxf5 gxf5 39. Rd1 d4 40. Rxd4 Ne6 41. Rd3 Ra1+ 42. Kh2 Rb1 $2 (42... Kh7 $16 {was called for.} 43. Re3 Rb1) 43. Rg3+ Kh7 {[#]} 44. Be5 (44. Bc2 $1 $18 {[%cal Rc2f5]} Rxb4 45. Bxf5+ Kh6 46. Be7) 44... Be4 (44... Re1 $16 {is a better defense.}) 45. Re3 Kg6 46. g4 Rh1+ 47. Kg3 Rg1+ 48. Kf2 Rg2+ 49. Kf1 Rxg4 50. Rg3 Rxg3 51. Bxg3 $14 {[%mdl 4096] Endgame KBB-KBN} Nd4 ({Black should try} 51... f4 $14 52. Bf2 Kh5) 52. Bd1 $16 Bc6 (52... Ne6 $16 53. Be1 f4) 53. Kf2 $18 f6 (53... Ne6 {was necessary.} 54. Ke3 Ng7) 54. Bf4 Ne6 55. h5+ {[%cal Bh4h5,Bh5h6][%mdl 32]} Kg7 56. Ke3 Bd7 57. h6+ Kh7 58. Bc2 Nd8 59. Kf2 Nc6 60. Bd2 Nd4 $2 {[%mdl 8192]} (60... Ne5 $16) 61. Bd3 Nb3 62. Be3 {Precision: White = 45%, Black = 34%.} 1-0

[Event "POR-chT 1st Divison 2018"]
[Site "Maia"]
[Date "2018.07.17"]
[Round "3"]
[White "Galvao, Henrique"]
[Black "Sousa, Andre Ventura"]
[Result "0-1"]
[WhiteElo "2161"]
[BlackElo "2373"]
[Annotator "TA"]
[PlyCount "78"]
[EventDate "2018.07.16"]
[EventType "team-tourn"]
[EventCountry "POR"]
[SourceTitle "playchess.com"]
[Source "ChessBase"]
[SourceQuality "1"]

{[%evp 25,78,-1,0,-31,-35,-43,-30,-30,-4,0,0,-12,0,-14,-13,-14,-14,-18,-33,-306,-279,-382,-384,-379,-379,-376,-370,-405,-397,-401,-395,-445,-449,-549,-555,-555,-561,-544,-487,-555,-555,-498,-492,-548,-544,-916,-915,-893,-853,-933,-928,-1488,-1203,-1422,-1387]} 1. e4 e5 2. Nf3 Nc6 3. Bb5 {[%cal Bf1b5,Bb5a4,Ba4b3][%mdl 32]} a6 4. Ba4 Nf6 5. O-O Bc5 6. c3 b5 7. Bb3 d6 8. d4 Bb6 9. h3 O-O 10. Re1 Bb7 11. a4 h6 12. axb5 {C78: Ruy Lopez: Archangelsk and Möller Defences} axb5 13. Rxa8 Qxa8 {LiveBook: 3 Games} 14. Na3 {The position is equal.} exd4 15. Nxb5 {[%cal Rc3d4]} dxc3 16. Nxc3 Nb4 {[%cal Rf6e4]} 17. Be3 $146 {[#] Bxb6 is the strong threat.} ({Predecessor:} 17. Qe2 Na6 18. Nd5 Nxd5 19. Bxd5 Re8 20. Bxb7 Qxb7 {½-½ (47) Vovk,A (2474)-Oleksienko,M (2530) Lvov 2006}) 17... Qa6 18. Bxb6 Qxb6 19. e5 Bxf3 20. Qxf3 dxe5 21. Rxe5 Nc6 22. Rb5 $2 {[%mdl 8192] [#]} (22. Re3 $1 $15) 22... Nd4 $1 $19 {[%csl LRb3,LRb5,LRf3]} 23. Qe3 Nxb5 24. Qxb6 cxb6 25. Nxb5 {[%mdl 4096] Endgame KRN-KBN} Rd8 26. Bc4 Rd1+ 27. Kh2 Ne4 28. f3 Nd6 {Black is clearly winning.} 29. Nxd6 Rxd6 {KR-KB} 30. Kg3 Rd2 31. b3 Kf8 32. f4 Ke7 33. Kf3 f6 34. h4 Kd6 35. g4 Rd4 36. Ke3 Kc5 37. Bg8 g5 38. fxg5 fxg5 39. hxg5 Rxg4 {Precision: White = 25%, Black = 85%.} 0-1

[Event "POR-chT 1st Divison 2018"]
[Site "Maia"]
[Date "2018.07.17"]
[Round "3"]
[White "Cruz, Jorge Filipe Egas"]
[Black "Vassallo Barroche, Mauricio"]
[Result "0-1"]
[WhiteElo "2159"]
[BlackElo "2386"]
[Annotator "TA"]
[PlyCount "62"]
[EventDate "2018.07.16"]
[EventType "team-tourn"]
[EventCountry "POR"]
[SourceTitle "playchess.com"]
[Source "ChessBase"]
[SourceQuality "1"]

{[%evp 19,62,12,15,-43,-48,-54,-54,-49,-47,-62,-60,-79,-67,-69,-71,-65,-59,-67,-70,-161,-150,-162,-165,-224,-216,-220,-236,-235,-232,-249,-239,-568,-304,-407,-401,-389,-384,-856,-845,-836,-837,-1181,-6207,-2400,-2031]} 1. e4 g6 2. d4 Bg7 3. Nc3 a6 4. Be3 d6 5. Qd2 Nd7 6. Nf3 b5 7. Bd3 {B06: Modern Defence} (7. a4 b4 8. Ne2 Ngf6 9. Ng3 Ng4 10. Bf4 e5 11. Bg5 f6 12. Be3 Nxe3 13. Qxe3 O-O 14. Bc4+ Kh8 15. O-O Nb6 {0-1 (43) Darini,P (2511)-Mamedov,R (2688) Doha 2016}) 7... Bb7 8. a4 c6 9. h3 Qc7 10. O-O Ngf6 {LiveBook: 6 Games} 11. e5 $146 (11. axb5 $11 cxb5 12. Bh6) ({Predecessor:} 11. Bh6 O-O 12. Bxg7 Kxg7 13. Ne2 c5 14. dxc5 dxc5 {½-½ (76) Ulko,J (2451)-Novikov,S (2569) Moscow 2010}) 11... dxe5 $15 12. dxe5 Nxe5 13. Nxe5 Qxe5 14. Rfe1 O-O 15. Bf4 Qc5 16. Rab1 Rfe8 17. b4 Qb6 18. a5 Qd8 19. Bh6 {[#]} ({White should try} 19. Be3 $15) 19... c5 $1 $19 {[%cal Bc6c5,Bc5b4][%mdl 544]} 20. Bxg7 (20. bxc5 Bxh6) 20... Kxg7 21. Qg5 (21. bxc5 $142 e5 22. Qe3) 21... cxb4 22. Ne4 Bxe4 23. Bxe4 Ra7 {[%cal Ba8a7,Ba7c7,Bc7c3,Bc3f3][%mdl 32]} 24. Bc6 Rf8 25. Rxb4 $2 (25. Bf3 {nothing else works.}) 25... Qxa5 26. c3 Rc7 27. Bf3 Rxc3 28. Rh4 $2 {[#]} (28. Rbb1) 28... Rxf3 $1 {Black is clearly winning.} 29. Qh6+ (29. gxf3 Qxe1+) 29... Kg8 30. Re6 Qa1+ 31. Kh2 fxe6 {Precision: White = 25%, Black = 79%.} 0-1

[Event "POR-chT 1st Divison 2018"]
[Site "Maia"]
[Date "2018.07.17"]
[Round "3"]
[White "Carneiro, Carlos"]
[Black "Gomes, Rui Pedro De Sousa"]
[Result "1-0"]
[WhiteElo "2094"]
[BlackElo "1750"]
[Annotator "NA RC"]
[PlyCount "79"]
[EventDate "2018.07.16"]
[EventType "team-tourn"]
[EventCountry "POR"]
[SourceTitle "playchess.com"]
[Source "ChessBase"]
[SourceQuality "1"]
[TimeControl "5400+30"]

1. d4 {[%emt 0:03:01]} d5 {[%emt 0:00:00]} 2. Nf3 {[%emt 0:00:15]} Nf6 {[%emt 0:00:00]} 3. c4 {[%emt 0:00:10]} e6 {[%emt 0:00:00]} 4. Nc3 {[%emt 0:00:11]} a6 {[%emt 0:00:00]} 5. cxd5 {[%emt 0:01:32]} exd5 {[%emt 0:00:03]} 6. Bg5 {[%emt 0:00:23] D37: Queen's Gambit Declined: 5 Bf4} Be6 {[%emt 0:00:06]} 7. e3 {[%emt 0:02:31]} Nbd7 {[%emt 0:02:39]} 8. Be2 {[%emt 0:01:27]} (8. Bd3 Bd6 9. O-O O-O 10. Rc1 c6 11. Bf4 Bxf4 12. exf4 Bg4 13. Be2 Bxf3 14. Bxf3 {1-0 (122) Nakamura,H (2769)-Caruana,F (2816) Paris 2018}) 8... Bd6 {[%emt 0:00:12]} 9. O-O {[%emt 0:00:26]} O-O {[%emt 0:00:18]} 10. Rc1 {[%emt 0:00:21]} c6 {[%emt 0:00:57]} 11. Na4 $146 {[%emt 0:04:56]} ({Predecessor:} 11. Bh4 Re8 12. Qb3 Rb8 13. Qc2 Qc7 {0-1 (74) Renman,N (2350)-Adams,M (2709) Caleta 2018}) 11... Qc7 {[%emt 0:07:31]} 12. Bh4 {[%emt 0:07:45]} Bf5 {[%emt 0:03:06]} 13. Bg3 {[%emt 0:00:23]} Ne4 {[%emt 0:08:45]} 14. Nc5 {[%emt 0:04:39]} Bxg3 {[%emt 0:15:15]} 15. hxg3 {[%emt 0:01:18]} Ndxc5 {[%emt 0:02:34]} 16. dxc5 {[%emt 0:00:06]} Qe7 {[%emt 0:00:36]} 17. Nd4 {[%emt 0:12:15]} Bg6 {[%emt 0:01:44]} 18. b4 {[%emt 0:00:46]} Rfe8 {[%emt 0:03:20]} 19. Bf3 {[%emt 0:04:17]} Qg5 {[%emt 0:05:59]} 20. a4 {[%emt 0:06:47]} h5 {[%emt 0:18:05]} 21. Qe2 {[%emt 0:06:08]} h4 {[%emt 0:03:09]} 22. gxh4 {[%emt 0:00:46]} Qxh4 {[%emt 0:00:48]} 23. Bxe4 {[%emt 0:10:24]} Qxe4 {[%emt 0:00:42]} 24. Qf3 {[%emt 0:01:01]} Qh4 {[%emt 0:01:35]} 25. Rc3 {[%emt 0:04:08]} Re5 {[%emt 0:04:10]} 26. Qh3 {[%emt 0:03:07]} Qe7 {[%emt 0:01:41]} 27. f4 {[%emt 0:02:13]} Rh5 {[%emt 0:03:55]} 28. Qg4 {[%emt 0:01:42]} Rh4 {[%emt 0:02:24]} 29. Qg3 {[%emt 0:00:29]} Be4 {[%emt 0:01:18]} 30. f5 {[%emt 0:00:49]} Qf6 {[%emt 0:00:40]} 31. Rf4 {[%emt 0:00:49]} Rh5 {[%emt 0:01:06]} 32. Rc1 {[%emt 0:00:35]} Rg5 {[%emt 0:01:51]} 33. Rg4 {[%emt 0:00:08]} Rxg4 {[%emt 0:00:20]} 34. Qxg4 {[%emt 0:00:06]} Re8 {[%emt 0:00:53]} 35. Rf1 {[%emt 0:02:28]} Bd3 {[%emt 0:02:15]} 36. Rf3 {[%emt 0:00:17]} Re4 {[%emt 0:01:01]} 37. Qg3 {[%emt 0:00:09]} Qh6 {[%emt 0:00:52]} 38. f6 {[%emt 0:01:46]} g6 {[%emt 0:01:43]} (38... Rh4 $11 39. Qxg7+ Qxg7 40. fxg7 Rh6) 39. Nf5 {[%emt 0:01:27]} Qh5 {[%emt 0:01:13]} 40. Qb8+ {[%emt 0:00:18]} 1-0